000 00527nam a2200157Ia 4500
008 100122s9999 xx 000 0 und d
082 _b76548
_a294.5
100 _aबेलसरे के वि
245 _aसार्थ श्रीदासबोध ( क.क्र .35/1)
250 _a2
260 _c1981
300 _a1005
630 _aसार्थ श्रीदासबोध ( क.क्र .35/1)
730 _aसार्थ श्रीदासबोध ( क.क्र .35/1)
942 _cBOOK
999 _c393390
_d393387